| 000 | 00388nam a2200157Ia 4500 | ||
|---|---|---|---|
| 008 | 230312s9999||||xx |||||||||||||| ||und|| | ||
| 020 | _a0-07-561918-0 | ||
| 082 |
_a301 _bGEL-S |
||
| 100 | _aGelles Richard , J. | ||
| 245 | 0 | _aSociology | |
| 260 |
_bMcGraw Hill _aBoston _c1999 |
||
| 300 | _a258 | ||
| 546 | _aEng. | ||
| 650 |
_aEconomics _vSocializition through life cource |
||
| 942 | _cBK | ||
| 999 |
_c2777 _d2777 |
||